Language Quiz

Random Language Quiz

Le futur simple, Bien Dit Bleu, Leçon 2, quick review Quiz Stats

 Plays Quiz not verified by Sporcle

Challenge
Share
Tweet
Embed
Score 0/40 Timer 10:00
0 Plays Today
Sujet (infinitif) le futur simple % Correct
je (être)serai
90%
je (parler)parlerai
88.3%
vous (finir)finirez
88.3%
ils (vendre)vendront
88.3%
il (dire)dira
88.3%
nous (mettre)mettrons
88.3%
nous (parler)parlerons
86.7%
on (vendre)vendra
86.7%
nous (boire)boirons
86.7%
j' (aller)irai
86.7%
vous (avoir)aurez
86.7%
elles (devoir)devront
86.7%
tu (faire)feras
86.7%
je (venir)viendrai
86.7%
tu (finir)finiras
85%
je (boire)boirai
85%
je (mettre)mettrai
85%
vous (ouvrir)ouvrirez
85%
nous (aller)irons
85%
elle (devoir)devra
85%
Sujet (infinitif) le futur simple % Correct
nous (être)serons
85%
vous (faire)ferez
85%
il (pouvoir)pourra
85%
ils (pouvoir)pourront
85%
nous (venir)viendrons
85%
il (vouloir)voudra
85%
ils (vouloir)voudront
85%
ils (dire)diront
83.3%
elle (suivre)suivra
83.3%
elles (suivre)suivront
83.3%
vous (appeler)appellerez
83.3%
tu (ouvrir)ouvriras
81.7%
tu (avoir)auras
81.7%
vous (voir)verrez
81.7%
tu (connaître)connaîtras
80%
vous (connaître)connaîtrez
80%
tu (appeler)appelleras
80%
tu (voir)verras
78.3%
j' (acheter)achèterai
75%
nous (acheter)achèterons
75%

You're not logged in!

Compare scores with friends on all Sporcle quizzes.
Join for Free
OR
Log In

You Might Also Like...

Show Comments

Extras

Top Quizzes Today


Score Distribution

Your Account Isn't Verified!

In order to create a playlist on Sporcle, you need to verify the email address you used during registration. Go to your Sporcle Settings to finish the process.

Report this User

Report this user for behavior that violates our Community Guidelines.

Details: